Pokušenie

Bibliographic Details
Main Author: Kováčik, Andrej, 1889-1953 (Author)
Format: Article
Language:Slovak
Subjects:

MARC

LEADER 00000nab a22000001a 4500
001 vtls009169277
003 SK-MaSNL
005 20260303055143.0
008 071220d193206 xo |r|p|||| |000 b|slo
015 |a SNBRRBVU1918-1938 
038 |a SNKBUCL 
038 |a SNKBUVU 
040 |a SNKBUVU  |b slo  |c SNKBUCL  |e AACR2 
041 0 |a slo 
044 |a xo  |c SK 
080 |a 75.071.1  |2 1997 
080 |a 75.051:7.021.32  |2 1997 
100 1 |a Kováčik, Andrej,  |d 1889-1953  |4 aut  |9 103145 
245 1 0 |a Pokušenie  |c Andrej Kováčik 
650 0 7 |a slovenské maliarstvo  |2 MM  |9 3124 
650 0 7 |a maľby  |2 MM  |9 313520 
655 7 |a reprodukcie výtvarných diel  |2 MM  |9 310790 
773 0 |t Živena  |g Roč. 22, č. 6 (1932), s. 165 
852 |a SNK  |b KIS3GCP 
910 |a snkrbvumm 
958 |a VY 
999 |c 1726149  |d 1728079